00601nam a2200157 a 4500008004100000050002200041100002700063245002700090260003500117300001700152350000900169650001500178995009500193999001700288952013800305120416s1933 ||||||||||||||||| || u aB 3313. A43E5 Nie aNietzache, Friedrich W10aThus spake Zarathustra aNew YorkbModern Libraryc1933 axxiii, 368p. a0.00 aPHILOSOPHY D0.00FCBU-MAIN LIBRARY (Kitwe)H1I0.00M1UAVAILABLEZMain Library Open Access Collection c59892d59892 00102lcc4070a001b001cMain Library Open Access Collectiond2022-11-30l0oB 3313. A43E5 Niep000900r2022-11-30w2022-11-30y002